000 00448nam a22001697a 4500
003 CEME
005 20210628210345.0
008 210216b xxu||||| |||| 00| 0 eng d
040 _c.
082 _a297.63 MUH
100 _aMateen Khalid Muhammad Mateen Khalid
_979052
245 _aMara peghanbar azeem tar hay
260 _aLAHORE
_bILIM-O-IRFAN
_c1999
300 _a223P
650 _aISLAM-NATIA MAJMOAA ISLAM-NAAT
_979081
942 _cBK
_2ddc
999 _c584147
_d584147